000 00493nam a2200217Ia 4500
999 _c40531
_d40531
003 0100
005 20170428092601.0
008 130303s9999 xx 000 0 und d
040 _cARRUPELIB
050 _aDT963.42.B741965
100 _aBrelsford, William Vernon
_912654
245 4 _aThe tribes of Zambia
250 _a2nd.
260 _bGovt.Printer
_aLusaka
_c1965
300 _axi
300 _b 157p. 23cm
650 _aRhodesia, Northern
_xNative races
_930051
650 _aRhodesia, Northern
_xAnthropology
_930052
700 _aWilliam Vernon Brelsford
_930053
942 _2lcc
_cMONOGRAPH